| 000 | 00531nam a22001697a 4500 | ||
|---|---|---|---|
| 003 | SGT | ||
| 020 | _a9788194897873 | ||
| 082 |
_a615.53 _bI21C |
||
| 100 | _aCCRAS, MINISTRY OF AYUSH | ||
| 245 | _aLOCAL HEALTH TRADITIONS ( LHTS) ORAL HEALTH TRADITIONS ( OHTS) AND ETHNO- MEDICINAL PRACTICES(EMPS) | ||
| 250 | _a1ST | ||
| 260 |
_aNEW DELHI _bCCRAS _c2021 |
||
| 300 | _a924 | ||
| 650 | _aAYURVEDA | ||
| 653 | _aLOCAL, HEALTH, TRADITIONS, LHTS, ORAL, HEALTH ,TRADITIONS , OHTS, ETHNO, MEDICINAL, PRACTICES, EMPS | ||
| 942 |
_2ddc _cBK |
||
| 999 |
_c34704 _d34704 |
||